01017nab a2200205 i 4500001000400000003000900004005001700013008003900030040002100069080001200090100018600102245015200288500004200440650001500482650002500497700018300522773008000705942001300785999001300798893KOSZ 00520191005120147.0141002s1994 pl f |000 0 pol cBPKdKOSZ 005/EG a628.5671 aPiecuch, TadeuszeAutord1987 - 1996.bWyższa Szkoła Inżynierska w Koszalinie - Wydział Inżynierii Lądowej i Sanitarnej,cKatedra Technologii Wody, Ścieków i Odpadów10aBadania nad możliwością odzysku stali wolframowo-molibdenowej oraz korundu z zawiesin poprodukcyjnych /cTadeusz Piecuch, Janusz Dąbrowski. aDane z bibliografii załącznikowej. 0aZawiesiny. 0aOdpady przemysłowe.1 aDĄBROWSKI, Janusz.d1990 - 1996.bWyższa Szkoła Inżynierska w Koszalinie - Wydział Inżynierii Lądowej i Sanitarnej,cKatedra Technologii Wody, Ścieków i Odpadów0 iW :tGospodarka Surowcami Mineralnymi. Kwartalnik PAN. -g1994, T. 10, z. 1 cART2UKD c893d893